00429nam a2200169Ia 450000500170000000800410001702000150005808200130007324500620008626000380014830000120018665000100019865000130020865000110022165000130023265000140024520240802035154.0240331s9999 xx 000 0 und d a8885840027 bGROa376 0aGrowing together :bwomen,feminism and popular education aAmericabIsis Internationalc1988 a94 p ., aWomen aFeminism aSocial aEconomic aPolitical